000 00872nam a2200253Ia 4500
003 OSt
005 20221005113507.0
006 a|||||r|||| 00| 0
007 ta
008 221004b |||||||| |||| 00| 0 pan d
020 _a9788176472104 (hbk)
_c250
024 _a11657
037 _b830, 15/03/2014, H.K. Prakashan
_cTextual
040 _aCRL
_cCRL
_bpan
041 _2pan
_apan
082 _aO153,3NBH,DO, P8
100 _aਭੰਬਰ, ਗੁਰਪ੍ਰੀਤ ਸਿੰਘ
245 0 _aਦੋਸਤੀ
260 _aਲੁਧਿਆਣਾ
_bਲਾਹੌਰ ਬੁੱਕ Fਾਪ ਭਾਰਤ
_c2008
300 _a296ਪੰ
_ccm.
650 _aਪੰਜਾਬੀ ਸਾਹਿਤ
942 _hO153,3NBH,DO, P8
_cTEXL
_2cc
999 _c1028364
_d1028364